Zakat,puasa,haji

Bibliographic Details
Main Author: Ab. Aziz Mohd. Zin
Format: Book
Published: Kuala Lumpur : DBP , 1994
Series:Siri pengenalan Islam buku 7
Subjects:

MARC

LEADER 00000cam a2200000 7i4500
001 0000003536
002 000003806
005 20000330.0
020 |a 9836235477 
090 0 0 |a J 297   |b ABA 
100 1 |a Ab. Aziz Mohd. Zin 
245 1 0 |a Zakat,puasa,haji   |c Ab.Aziz Mohd Zin 
260 |a Kuala Lumpur :   |b DBP ,   |c 1994 
300 |a 33p. :   |b ill. ;   |c 24cm. 
490 0 |a Siri pengenalan Islam buku 7 
650 0 0 |a Islamic stories, Malay 
999 |a 036997   |b BUKU   |c PINJAMAN   |e PERPUSTAKAAN KOMUNITI PETALING JAYA